000 00345 a2200121 4500
001 ART_35088
005 20260410161646.0
008 260409a
245 1 0 _aAjuste por inflación
100 1 _aJanuszewski, Karina
700 1 _aGutiérrez, Adriana
773 0 _tConsultor tributario
_g- Año 9, Nº 106 (dic. 2015)
_wREV474
999 _c13769
_d13769